Catálogo público

Economía campesina / (Record no. 219779)

MARC details
000 -CABECERA
campo de control de longitud fija 01109nam a2200277 a 4500
003 - IDENTIFICADOR DEL NÚMERO DE CONTROL
campo de control OSt
005 - FECHA Y HORA DE LA ÚLTIMA TRANSACCIÓN
campo de control 20240305142448.0
008 - DATOS DE LONGITUD FIJA--INFORMACIÓN GENERAL
campo de control de longitud fija 240304s2019 mx ||||| |||| 00| 0 spa d
040 ## - FUENTE DE LA CATALOGACIÓN
Centro/agencia transcriptor Chap
090 ## - LOCALMENTE ASIGNADO TIPO-LC NÚMERO DE CLASIFICACIÓN (OCLC); NÚMERO DE CLASIFICACIÓN LOCAL (RLIN)
Número de clasificación (OCLC) (R) ; Numero de clasificación, CALL (RLIN) (NR) CD-516
111 2# - ENTRADA PRINCIPAL--NOMBRE DE CONGRESO/REUNIÓN
9 (RLIN) 188869
Nombre de congreso/reunión o jurisdicción como elemento de entrada Encuentro Internacional de Economía Campesina y Agroecología en América
Número del congreso/reunión o número de parte o sección (4 :
Fecha del congreso/reunión 2019 :
Sede del congreso/Lugar de la reunión Tonalá, México)
245 00 - MENCIÓN DE TÍTULO
Título Economía campesina /
Mención de responsabilidad, etc. dirección Elena Kahn.
Medio [DVD]
246 00 - FORMA VARIANTE DE TÍTULO
Título propio/Titulo breve Economía campesina :
Resto del título IV Encuentro Internacional de Economía Campesina y Agroecologia en América /
Medio [DVD]
264 ## - PRODUCCIÓN, PUBLICACIÓN, DISTRIBUCIÓN, FABRICACIÓN Y COPYRIGHT
Producción, publicación, distribución, fabricación y copyright Guerrero, México :
Nombre del de productor, editor, distribuidor, fabricante Asociación Ambientalista Guerreros Verdes A. C.
Fecha de producción, publicación, distribución, fabricación o copyright 2019.
300 ## - DESCRIPCIÓN FÍSICA
Extensión 1 DVD (37 minutos).
650 #4 - PUNTO DE ACCESO ADICIONAL DE MATERIA--TÉRMINO DE MATERIA
9 (RLIN) 186036
Término de materia o nombre geográfico como elemento de entrada Alimentos transgénicos
Subdivisión general Aspectos sociales
650 #4 - PUNTO DE ACCESO ADICIONAL DE MATERIA--TÉRMINO DE MATERIA
9 (RLIN) 186037
Término de materia o nombre geográfico como elemento de entrada Alimentos transgénicos
Subdivisión general Política gubernamental
650 #4 - PUNTO DE ACCESO ADICIONAL DE MATERIA--TÉRMINO DE MATERIA
9 (RLIN) 151311
Término de materia o nombre geográfico como elemento de entrada Soberanía alimentaria
Subdivisión general México
650 #4 - PUNTO DE ACCESO ADICIONAL DE MATERIA--TÉRMINO DE MATERIA
9 (RLIN) 142981
Término de materia o nombre geográfico como elemento de entrada Productos orgánicos
650 #4 - PUNTO DE ACCESO ADICIONAL DE MATERIA--TÉRMINO DE MATERIA
9 (RLIN) 132383
Término de materia o nombre geográfico como elemento de entrada Suelos
Subdivisión general Calidad
650 #4 - PUNTO DE ACCESO ADICIONAL DE MATERIA--TÉRMINO DE MATERIA
9 (RLIN) 4208
Término de materia o nombre geográfico como elemento de entrada Alimentos
Subdivisión general Contaminación por pesticidas
700 1# - PUNTO DE ACCESO ADICIONAL--NOMBRE DE PERSONA
9 (RLIN) 188863
Nombre de persona Kahn, Elena
Término indicativo de función/relación Dirección.
942 ## - ELEMENTOS DE PUNTO DE ACCESO ADICIONAL (KOHA)
Fuente del sistema de clasificación o colocación Dewey Decimal Classification
942 ## - ELEMENTOS DE PUNTO DE ACCESO ADICIONAL (KOHA)
Fuente del sistema de clasificación o colocación Dewey Decimal Classification
942 ## - ELEMENTOS DE PUNTO DE ACCESO ADICIONAL (KOHA)
Tipo de ítem Koha DVD
Holdings
Estado de retiro Estado de pérdida Fuente del sistema de clasificación o colocación Estado dañado Restricciones de uso No para préstamo Código de colección Localización permanente Ubicación/localización actual Ubicación en estantería Fecha de adquisición Total de préstamos Signatura topográfica completa Código de barras Fecha visto por última vez Precio válido a partir de Tipo de ítem Koha
    Clasificación Universidad Autónoma de Chapingo   Préstamo interno   Material multimedia Biblioteca Central Biblioteca Central Planta Principal - Área de préstamo - Mat. Multimedia 04/03/2024   CD-516 33724002581677 04/03/2024 04/03/2024 DVD